[Event "CZE/SVK-chT (Women)"]
[Site "Frydek Mistek"]
[Date "2009.05.16"]
[Round "6"]
[White "Paverova, Zuzana"]
[Black "Medunova, Vera"]
[Result "1-0"]
[WhiteElo "2032"]
[BlackElo "2087"]
[PlyCount "51"]
[EventDate "2009.05.14"]
[EventType "team-tourn"]
[EventRounds "7"]
[EventCountry "CZE"]
[SourceTitle "CBM 130 Extra"]
[Source "ChessBase"]
[SourceDate "2009.07.02"]
[SourceVersion "2"]
[SourceVersionDate "2009.07.15"]
[SourceQuality "1"]
[WhiteTeam "Turcianske Teplice (W)"]
[BlackTeam "Brno Lokomotiva (W)"]
[WhiteTeamCountry "SVK"]
[BlackTeamCountry "CZE"]

1. e4 c5 2. c3 d5 3. exd5 Nf6 4. Nf3 Nxd5 5. d4 e6 6. Bd3 Nd7 7. 0-0 Be7 8. Nbd2 0-0 9. Ne4 cxd4 10. Nxd4 N7f6 11. Nxf6+ Bxf6 12. Bc2 a6 13. Qd3 g6 14. Bh6 Bg7 15. Qd2 Qc7 16. Bxg7 Kxg7 17. f4 Nxf4 18. Rxf4 e5 19. Rh4 h5 20. Rxh5 exd4 21. Qh6+ Kf6 22. Qxf8 gxh5 23. Rf1+ Ke6 24. Rxf7 Bd7 25. Bb3+ Ke5 26. Qe7+ 1-0

[Event "CZE/SVK-chT (Women)"]
[Site "Frydek Mistek"]
[Date "2009.05.15"]
[Round "3"]
[White "Olsarova, Karolina"]
[Black "Paverova, Zuzana"]
[Result "1/2-1/2"]
[WhiteElo "2110"]
[BlackElo "2032"]
[PlyCount "114"]
[EventDate "2009.05.14"]
[EventType "team-tourn"]
[EventRounds "7"]
[EventCountry "CZE"]
[SourceTitle "CBM 130 Extra"]
[Source "ChessBase"]
[SourceDate "2009.07.02"]
[SourceVersion "2"]
[SourceVersionDate "2009.07.15"]
[SourceQuality "1"]
[WhiteTeam "Orlova Slavia (W)"]
[BlackTeam "Turcianske Teplice (W)"]
[WhiteTeamCountry "CZE"]
[BlackTeamCountry "SVK"]

1. e4 e5 2. Nf3 Nc6 3. Bb5 a6 4. Ba4 Nf6 5. 0-0 Be7 6. Re1 b5 7. Bb3 d6 8. c3 0-0 9. d4 Bg4 10. Be3 exd4 11. cxd4 Na5 12. Bc2 c5 13. Nbd2 Nc6 14. d5 Ne5 15. h3 Nxf3+ 16. Nxf3 Bh5 17. g4 Bg6 18. Nd2 Nd7 19. Nf1 Bh4 20. Re2 Re8 21. f3 Qf6 22. Kg2 Qxb2 23. f4 f5 24. e5 Qa3 25. e6 Nf6 26. g5 Nh5 27. Qb1 Rf8 28. e7 Rfe8 29. Bd2 Ra7 30. Re3 Nxf4+ 31. Kh1 Qxe3 32. Bxe3 Raxe7 33. Bxf5 Rxe3 34. Nxe3 Rxe3 35. Bxg6 Re1+ 36. Qxe1 Bxe1 37. Bxh7+ Kxh7 38. Rxe1 Nxd5 39. Rd1 Nc3 40. Rxd6 Nxa2 41. Rxa6 Nc3 42. h4 b4 43. Rb6 Ne4 44. Kg2 Nd2 45. Kf2 Ne4+ 46. Ke3 Nc3 47. Kd3 Nd5 48. Rc6 Nf4+ 49. Kc2 Ng2 50. h5 c4 51. Rc7 b3+ 52. Kb1 Nf4 53. h6 Ne6 54. Rxc4 Nxg5 55. hxg7 Kxg7 56. Kb2 Kf6 57. Kxb3 Ne6 1/2-1/2

[Event "SVK-chT2C 0809"]
[Site "Slovakia"]
[Date "2009.01.31"]
[Round "8.5"]
[White "Turcel, Jozef"]
[Black "Paverova, Zuzana"]
[Result "1/2-1/2"]
[WhiteElo "2094"]
[BlackElo "2018"]
[PlyCount "92"]
[EventDate "2008.10.11"]
[EventType "team-tourn"]
[EventRounds "11"]
[EventCountry "SVK"]
[SourceTitle "EXT 2010"]
[Source "ChessBase"]
[SourceDate "2010.11.25"]
[SourceVersion "1"]
[SourceVersionDate "2010.11.25"]
[SourceQuality "1"]
[WhiteTeam "Zilina Mladost II"]
[BlackTeam "Martin Medea"]
[WhiteTeamCountry "SVK"]
[BlackTeamCountry "SVK"]

1. e4 e5 2. Nf3 Nc6 3. Bb5 a6 4. Ba4 Nf6 5. 0-0 Be7 6. c3 Nxe4 7. Re1 Nc5 8. Bxc6 dxc6 9. Nxe5 Nd3 10. Qf3 Nxe5 11. Rxe5 0-0 12. d4 Bd6 13. Re1 Be6 14. Be3 Qh4 15. g3 Qh3 16. Qg2 Qg4 17. f3 Qh5 18. Nd2 Bd5 19. c4 Be6 20. a3 Rfe8 21. Rac1 Bh3 22. Qf2 Qg6 23. c5 Be7 24. Bf4 Rac8 25. Ne4 f5 26. Nd2 Bg5 27. Be5 f4 28. Ne4 fxg3 29. hxg3 Bxc1 30. Rxc1 Rf8 31. Re1 Be6 32. f4 Bd5 33. Nc3 Qh6 34. Nxd5 cxd5 35. Qf3 c6 36. Qg4 Rcd8 37. Re2 Qg6 38. Qxg6 hxg6 39. g4 Kf7 40. Re3 Rh8 41. Rb3 Rd7 42. Kg2 Rh4 43. Kg3 Rh7 44. Bd6 Rh1 45. Be5 Rd1 46. Kh4 Rh1+ 1/2-1/2

[Event "SVK-chT2C 0809"]
[Site "Slovakia"]
[Date "2008.11.08"]
[Round "3.3"]
[White "Paverova, Zuzana"]
[Black "Sulko, Jan"]
[Result "1/2-1/2"]
[WhiteElo "2018"]
[BlackElo "2114"]
[PlyCount "33"]
[EventDate "2008.10.11"]
[EventType "team-tourn"]
[EventRounds "11"]
[EventCountry "SVK"]
[SourceTitle "EXT 2010"]
[Source "ChessBase"]
[SourceDate "2010.11.25"]
[SourceVersion "1"]
[SourceVersionDate "2010.11.25"]
[SourceQuality "1"]
[WhiteTeam "Martin Medea"]
[BlackTeam "Zvolen Slavia"]
[WhiteTeamCountry "SVK"]
[BlackTeamCountry "SVK"]

1. e4 c5 2. c3 d5 3. exd5 Qxd5 4. Nf3 Bg4 5. Be2 Nc6 6. d4 e6 7. 0-0 Nf6 8. Be3 cxd4 9. Nxd4 Bxe2 10. Qxe2 Bc5 11. Rd1 Nxd4 12. cxd4 Bb4 13. a3 Qa5 14. d5 0-0 15. dxe6 fxe6 16. Bd4 Rae8 17. Nc3 1/2-1/2